2026 Winter Olympic Events - Statistics

General Stats
  • This quiz has been taken 49 times
    24 since last reset
  • The average score is 31 of 67
Answer Stats
Sport Event % Correct
Short Track Speed Skating {1000}m
94%
Speed Skating {1000}m
94%
Short Track Speed Skating {500}m
94%
Speed Skating {500}m
94%
Biathlon {Individual} ({20 / 15}km)
89%
Speed Skating {5000}m
83%
Alpine skiing {Super-G}
83%
Short Track Speed Skating {1500}m
78%
Speed Skating {1500}m
78%
Speed Skating {3000}m
78%
Alpine skiing {Downhill}
78%
Alpine skiing {Giant Slalom}
72%
Alpine skiing {Slalom}
72%
Cross-Country Skiing {4}x{7.5}km {Relay}
67%
Freestyle Skiing {Halfpipe}
67%
Snowboarding {Halfpipe}
67%
Ice hockey {Men's / Women's}
67%
Freestyle Skiing {Ski} {Cross}
67%
Figure Skating {Team} {Event}
67%
Bobsleigh {Two}-(wo)man
67%
Freestyle Skiing {Big} {Air}
61%
Snowboarding {Big} {Air}
61%
Luge {Doubles}
61%
Bobsleigh {Four}-man
61%
Speed Skating {Mass} {Start}
61%
Biathlon {Mass} {Start} ({15 / 12.5}km)
61%
Figure Skating {Singles}
61%
Luge {Singles}
61%
Snowboarding {Snowboard} {Cross}
61%
Ski Mountaineering {Sprint}
56%
Biathlon {Sprint} ({10 / 7.5}km)
56%
Bobsleigh (Women's) {Monobob}
56%
Figure Skating {Ice} {Dance}
50%
Curling {Men's / Women's}
50%
Skeleton {Men's / Women's}
50%
Curling {Mixed} {Doubles}
50%
Freestyle Skiing {Slopestyle}
50%
Snowboarding {Slopestyle}
50%
Luge {Team} {Relay}
50%
Freestyle Skiing {Moguls}
44%
Figure Skating {Pairs}
39%
Speed Skating {Team} {Pursuit}
39%
Freestyle Skiing {Aerials}
33%
Freestyle Skiing {Dual} {Moguls}
28%
Short Track Speed Skating {Mixed} {2000}m {Relay}
28%
Ski Jumping {Mixed} {Normal} {Hill} {Team}
28%
Biathlon {Mixed Relay} {(4x6km)}
28%
Skeleton {Mixed} {Team}
28%
Ski Mountaineering {Mixed} {Team}
28%
Snowboarding {Parallel} {Giant} {Slalom}
28%
Alpine skiing {Team} {Combined}
28%
Biathlon {Pursuit} ({12.5 / 10}km)
22%
Cross-Country Skiing {Skiathlon}
22%
Freestyle Skiing {Team} {Aerials}
22%
Short Track Speed Skating {3000}m {Relay}
11%
Ski Jumping {Large} {Hill} {Individual}
11%
Snowboarding {Team} {Snowboard} {Cross}
11%
Nordic combined {Individual} {Large} {Hill} / {10}km
6%
Nordic combined {Individual} {Normal} {Hill} / {10}km
6%
Ski Jumping {Normal} {Hill} {Individual}
6%
Biathlon {Relay} ({4}x{7.5km / 4x6}km)
6%
Nordic combined {Team} {Large} {Hill} / {2}x{7.5}km
6%
Cross-Country Skiing {Team} {Sprint} {Freestyle}
6%
Cross-Country Skiing {10}km {Freestyle}
0%
Cross-Country Skiing {50}km {Mass} {Start} {Classical}
0%
Cross-Country Skiing {Individual} {Sprint} {Classical}
0%
Ski Jumping {Large} {Hill} {Super} {Team}
0%
No matching quizzes found
Score Distribution
Percent of People with Each Score
Percentile by Number Answered
Your Score History
You have not taken this quiz since the last reset